[Event "Paris Apsap op 73rd"]
[Site "Paris"]
[Date "2004.08.08"]
[Round "9"]
[White "Randisi, Alexandre"]
[Black "Hallier, Christophe"]
[Result "1-0"]
[WhiteElo "2076"]
[BlackElo "1920"]
[PlyCount "111"]
[EventDate "2004.08.??"]
[EventType "swiss"]
[EventRounds "9"]
[EventCountry "FRA"]
[SourceTitle "EXT 2006"]
[Source "ChessBase"]
[SourceDate "2005.11.24"]
[SourceVersion "1"]
[SourceVersionDate "2005.11.24"]
[SourceQuality "1"]

1. Nf3 Nf6 2. g3 b6 3. Bg2 Bb7 4. c4 c5 5. Nc3 e6 6. 0-0 Be7 7. a3 Nc6 8. d4 Nxd4 9. Nxd4 Bxg2 10. Nxe6 dxe6 11. Qxd8+ Rxd8 12. Kxg2 0-0 13. f3 Nd7 14. Rb1 Ne5 15. b3 Nc6 16. Be3 Bf6 17. Ne4 Be7 18. Rfd1 h6 19. Rd2 f5 20. Nf2 Bf6 21. Rbd1 Rxd2 22. Rxd2 Rd8 23. Rxd8+ Bxd8 24. Nd3 Bf6 25. b4 Bd4 26. Bxd4 Nxd4 27. bxc5 bxc5 28. Nxc5 Kf7 29. Nd3 a5 30. Kf2 Ke7 31. a4 g5 32. Ke3 Nc6 33. c5 e5 34. Kd2 Ke6 35. e4 f4 36. Kc3 Nd4 37. gxf4 gxf4 38. Ne1 Kd7 39. Kd3 Kc6 40. Kc4 h5 41. h4 Kc7 42. Kd5 Nc6 43. Nd3 Nd4 44. Nxe5 Ne2 45. Kc4 Kb7 46. Kb5 Nd4+ 47. Kxa5 Ka7 48. c6 Nb3+ 49. Kb4 Nd4 50. Kc5 Nb3+ 51. Kd6 Kb8 52. Nd7+ Ka7 53. c7 Kb7 54. Nb6 Nd4 55. c8Q+ Kxb6 56. Qc5+ 1-0

[Event "Paris Apsap op 73rd"]
[Site "Paris"]
[Date "2004.08.06"]
[Round "7"]
[White "Pernet, Roger"]
[Black "Randisi, Alexandre"]
[Result "0-1"]
[WhiteElo "1960"]
[BlackElo "2076"]
[PlyCount "110"]
[EventDate "2004.08.??"]
[EventType "swiss"]
[EventRounds "9"]
[EventCountry "FRA"]
[SourceTitle "EXT 2006"]
[Source "ChessBase"]
[SourceDate "2005.11.24"]
[SourceVersion "1"]
[SourceVersionDate "2005.11.24"]
[SourceQuality "1"]

1. f4 e5 2. fxe5 d6 3. exd6 Bxd6 4. Nf3 g5 5. g3 g4 6. Nh4 Nc6 7. c3 Nge7 8. d4 Ng6 9. Nxg6 hxg6 10. Qd3 Bf5 11. e4 Qe7 12. Bg2 0-0-0 13. Be3 Rxh2 14. Rxh2 Bxg3+ 15. Ke2 Bxh2 16. exf5 Re8 17. Nd2 Bf4 18. Nf1 Qg5 19. Re1 gxf5 20. Kd1 Rg8 21. Bxf4 Qxf4 22. Bxc6 bxc6 23. Ne3 Qf3+ 24. Qe2 Qxe2+ 25. Kxe2 f4 26. Nxg4 Rxg4 27. Kf3 Rh4 28. Re2 Kd7 29. Re5 Kc8 30. Ra5 Kb7 31. a4 Kb6 32. Rc5 a5 33. b4 axb4 34. cxb4 Rh3+ 35. Kxf4 Rb3 36. a5+ Kb7 37. Rc4 Rb1 38. Ke5 Rf1 39. d5 Re1+ 40. Kf6 cxd5 41. Rd4 c6 42. b5 cxb5 43. Rxd5 Rf1+ 44. Ke5 Ka6 45. Kd6 Kxa5 46. Kc6 Rc1+ 47. Kd6 Ka4 48. Rf5 b4 49. Rxf7 b3 50. Ra7+ Kb4 51. Rb7+ Kc3 52. Rc7+ Kd2 53. Rb7 Rc3 54. Kd5 Kc2 55. Kd4 b2 0-1

[Event "FRA AJEC/5127 corr"]
[Site "France"]
[Date "2001.??.??"]
[Round "?"]
[White "Pinto, Jean Francois"]
[Black "Randisi, Alexandre"]
[Result "1/2-1/2"]
[WhiteElo "1949"]
[BlackElo "1989"]
[PlyCount "43"]
[EventDate "2001.07.15"]
[EventType "tourn (corr)"]
[EventRounds "8"]
[EventCountry "FRA"]
[SourceTitle "Corr 2004"]
[Source "ChessBase"]
[SourceDate "2003.04.28"]
[SourceVersion "3"]
[SourceVersionDate "2003.04.28"]
[SourceQuality "1"]

1. d4 Nf6 2. Nc3 d5 3. e4 Nxe4 4. Nxe4 dxe4 5. Bc4 e6 6. Nh3 Be7 7. c3 0-0 8. 0-0 Nd7 9. Qe2 Nf6 10. Ng5 b5 11. Bxb5 Bb7 12. f3 c5 13. Be3 exf3 14. Nxf3 Qc7 15. Ne5 Bd6 16. Bf4 cxd4 17. cxd4 Qb6 18. Rad1 Bxe5 19. Bxe5 Nd5 20. Kh1 Rac8 21. a3 f6 22. Bg3 1/2-1/2

[Event "FRA AJEC/5127 corr"]
[Site "France"]
[Date "2001.??.??"]
[Round "?"]
[White "Randisi, Alexandre"]
[Black "Bruneau, Michel"]
[Result "0-1"]
[WhiteElo "1989"]
[BlackElo "2034"]
[PlyCount "64"]
[EventDate "2001.07.15"]
[EventType "tourn (corr)"]
[EventRounds "8"]
[EventCountry "FRA"]
[SourceTitle "Corr 2004"]
[Source "ChessBase"]
[SourceDate "2003.04.28"]
[SourceVersion "3"]
[SourceVersionDate "2003.04.28"]
[SourceQuality "1"]

1. d4 Nf6 2. c4 e6 3. Nc3 Bb4 4. Nf3 c5 5. g3 cxd4 6. Nxd4 0-0 7. Bg2 d5 8. Qb3 Bxc3+ 9. Qxc3 e5 10. Nb3 d4 11. Qd3 Nc6 12. 0-0 Re8 13. Nd2 Qe7 14. e4 Nd7 15. a3 Nc5 16. Qc2 a5 17. b3 Be6 18. Bb2 Qf6 19. f4 Bg4 20. Rae1 Rad8 21. h3 Be2 22. Rf2 Bd3 23. Qd1 Qg6 24. Kh2 b5 25. cxb5 Bxb5 26. f5 Qf6 27. Nc4 Bxc4 28. bxc4 a4 29. Bc1 Na5 30. Bf1 d3 31. Rf3 Qb6 32. f6 d2 0-1

[Event "FRA AJEC/5126 corr"]
[Site "France"]
[Date "2001.??.??"]
[Round "?"]
[White "Randisi, Alexandre"]
[Black "Nossein, Francis"]
[Result "0-1"]
[WhiteElo "1989"]
[BlackElo "1986"]
[PlyCount "72"]
[EventDate "2001.??.??"]
[EventType "tourn (corr)"]
[EventRounds "8"]
[EventCountry "FRA"]
[SourceTitle "Corr 2004"]
[Source "ChessBase"]
[SourceDate "2003.04.28"]
[SourceVersion "3"]
[SourceVersionDate "2003.04.28"]
[SourceQuality "1"]

1. e4 c5 2. Nf3 Nc6 3. d4 cxd4 4. Nxd4 Nf6 5. Nc3 e5 6. Ndb5 d6 7. Bg5 a6 8. Na3 b5 9. Bxf6 gxf6 10. Nd5 f5 11. Bxb5 axb5 12. Nxb5 Ra4 13. Nbc7+ Kd7 14. 0-0 Rxe4 15. Qh5 Ne7 16. Qxf7 Kc6 17. c4 Ng6 18. Nb4+ Kb7 19. Nb5+ Qd7 20. Qd5+ Kb8 21. Nc6+ Ka8 22. Nc3 Ba6 23. Nxe4 fxe4 24. Nxe5+ Qb7 25. Qxb7+ Kxb7 26. Nxg6 hxg6 27. Rfe1 Bxc4 28. Rxe4 d5 29. Rg4 Bc5 30. b4 Bd6 31. h4 g5 32. Rxg5 Rxh4 33. g3 Rh6 34. a3 d4 35. Rd1 d3 36. Kg2 Re6 0-1

[Event "FRA AJEC/5127 corr"]
[Site "France"]
[Date "2001.??.??"]
[Round "?"]
[White "Randisi, Alexandre"]
[Black "Schurra, Gerard"]
[Result "0-1"]
[WhiteElo "1989"]
[BlackElo "2073"]
[PlyCount "38"]
[EventDate "2001.07.15"]
[EventType "tourn (corr)"]
[EventRounds "8"]
[EventCountry "FRA"]
[SourceTitle "Corr 2004"]
[Source "ChessBase"]
[SourceDate "2003.04.28"]
[SourceVersion "3"]
[SourceVersionDate "2003.04.28"]
[SourceQuality "1"]

1. d4 f5 2. c4 Nf6 3. Nc3 e6 4. Nf3 Bb4 5. g3 c5 6. Bg2 cxd4 7. Nxd4 0-0 8. Qb3 Nc6 9. Nxc6 Bxc3+ 10. bxc3 dxc6 11. Ba3 Rf7 12. Rd1 Qe8 13. 0-0 e5 14. Bd6 e4 15. e3 Be6 16. Qa4 c5 17. Qxe8+ Nxe8 18. Bxc5 Bxc4 19. Rfe1 Bxa2 0-1

[Event "FRA-chT U18"]
[Site "France"]
[Date "1996.??.??"]
[Round "?"]
[White "Renault, Fabien"]
[Black "Randisi, Alexandre"]
[Result "1-0"]
[WhiteElo "1920"]
[BlackElo "1660"]
[PlyCount "81"]
[EventDate "1996.??.??"]
[EventType "team"]
[EventRounds "11"]
[EventCountry "FRA"]
[SourceTitle "EXT 2004"]
[Source "ChessBase"]
[SourceDate "2003.11.25"]
[SourceVersion "1"]
[SourceVersionDate "2003.11.25"]
[SourceQuality "1"]

1. e4 c5 2. Nf3 Nc6 3. d4 cxd4 4. Nxd4 d6 5. Nc3 Nf6 6. Bc4 e6 7. Be3 Be7 8. Qe2 a6 9. 0-0-0 Qc7 10. Bb3 Bd7 11. g4 Nxd4 12. Rxd4 Bc6 13. g5 e5 14. gxf6 exd4 15. fxg7 Rg8 16. Bxd4 Bg5+ 17. Kb1 Bf4 18. Qh5 h6 19. Rg1 Be5 20. Bxe5 dxe5 21. Qf5 Rd8 22. f4 exf4 23. e5 Qd7 24. e6 fxe6 25. Bxe6 Qxg7 26. Rxg7 Rxg7 27. b3 f3 28. Bc4 Rd2 29. Ne4 Bxe4 30. Qxe4+ Re7 31. Qxf3 Rxh2 32. Bd3 Rh4 33. Qd5 Re1+ 34. Kb2 Rhh1 35. Qxb7 h5 36. Bg6+ Kd8 37. Qxa6 h4 38. Qf6+ Kc7 39. Bf5 Kb7 40. Qf7+ Kc6 41. a4 1-0